| 000 | 01369cam a2200241 4500 | ||
|---|---|---|---|
| 001 | J125911 | ||
| 008 | 040422n2004 000 0 eng u | ||
| 035 | _a(Sirsi) u125911 | ||
| 041 | _aeng | ||
| 050 |
_a346.4104343 _c18 |
||
| 110 |
_aUnited Kingdom _bOffice of the Deputy Prime Minister |
||
| 245 |
_aBusiness tenancies _bnew procedures under the Landlord and Tenant Act 1954 Part II _h[electronic resource] |
||
| 260 |
_aLondon _bODPM _c2004 |
||
| 520 | _aProvides detailed guidance for users and their advisers on the new procedures for ending and renewing business tenancies. The Regulatory Reform (Business Tenancies) (England and Wales) Order 2003 has modernised the workings of the Landlord and Tenant Act 1954 Part II, making the renewal and termination of business tenancies quicker, easier, cheaper and fairer. Various appendices, including agreements and sections 40, 26 and 25 notices. View at www.dclg.gov.uk/ | ||
| 650 | _aLANDLORD AND TENANT ACT 1954 PART II | ||
| 650 | _aBUSINESS TENANCIES | ||
| 650 | _aREGULATORY REFORM (BUSINESS TENANCIES) (ENGLAND AND WALES) ORDER 2003 | ||
| 650 | _aTENANCY RENEWAL | ||
| 650 | _aTERMINATION OF TENANCIES | ||
| 690 | _aLANDLORD AND TENANT-BUSINESS TENANCIES | ||
| 856 |
_uhttps://www.communities.gov.uk/documents/regeneration/pdf/131176.pdf _zView the guidance at www.communities.gov.uk |
||
| 942 | _n0 | ||
| 999 |
_c103495 _d103495 |
||